| 000 | 00364 a2200157 4500 | ||
|---|---|---|---|
| 001 | 156760 | ||
| 020 | _a9788594432148 | ||
| 040 | _cEscola São Tomás de Aquino | ||
| 100 | _aCANDIAN, Guto | ||
| 240 | 1 | 0 |
_aEra uma vez... _lpor |
| 245 | 1 | 0 | _aEra uma vez... |
| 300 | _a54 cartas | ||
| 362 | 0 | _a2018 | |
| 697 | _aJogos educacionais / brinquedos | ||
| 942 | _cBK | ||
| 999 |
_c156760 _d156760 |
||